| 000 | 00861nam a2200229 i 4500 | ||
|---|---|---|---|
| 001 | 24964 | ||
| 003 | ES-MaACL | ||
| 005 | 20230906153153.0 | ||
| 007 | t| | ||
| 008 | 021219s1906 sp ||||1| spa d | ||
| 100 | 1 |
_aAngulo Laguna, Diego. _921789 |
|
| 245 | 1 | 0 |
_aEstudios sobre la condición jurídica de los hijos ilegítimos según los principios y el Código civil vigente / _cpor Diego Angulo Laguna ; con un prólogo de Federico de Castro. |
| 250 | _a2ª ed. corr. y aum. | ||
| 260 |
_aMadrid : _bHijos de Reus, _c1906. |
||
| 300 |
_a212 p. ; _c23 x 15 cm. |
||
| 490 | 1 | _aBiblioteca jurídica de autores españoles y extranjeros | |
| 650 | 0 | 0 |
_aHijos naturales. _913361 |
| 700 | 1 |
_aCastro, Federico de. _936851 |
|
| 830 | 1 |
_aBiblioteca jurídica de autores españoles y extranjeros _9182228 |
|
| 852 |
_aES-MaACL _jF-14590 |
||
| 999 |
_c24964 _d24964 |
||